000
00331nam a2200133Ia 4500
005
20251222143257.0
008
251222s9999||||xx |||||||||||||| ||spa||
082
_a
241.1/G51/Ej2
100
_a
Giussani, Luigi
245
0
_a
La Conciencia Religiosa en el Hombre Moderno
250
_a
2a.ed.
264
_b
Encuentro
942
_c
LIB
999
_c
15186
_d
15186